000 00516nam a22001577a 4500
020 _qHard Cover.
082 _a307.1
100 _aAzeem, Sana
245 _aAdoption of green building practices in Pakistan: barriers and measures /
_cSana Azeem,
260 _aIslamabad :
_bNIT - NUST,
_c2017.
300 _a74 p. : ill. ;l
_c30cm.
650 _aMS Urban and Regional Planning.
_926973
700 _aDr. Malik Asghar Naeeem.
_916342
942 _2ddc
_cTHE
999 _c533194
_d533194